000 00211nam a22000857a 4500
008 170614b xxu||||| |||| 00| 0 eng d
100 _93392
_aChandra. R
245 _aMsthamatics- 6
260 _aNew Delhi
_bA. P. C
_c2009
999 _c6752
_d6752